| 000 | 01198nam a2200289 i 4500 | ||
|---|---|---|---|
| 003 | SA-RiAUC | ||
| 005 | 20251222141230.0 | ||
| 008 | 251201s1962 su g z f00000 ara c | ||
| 040 |
_aSA-RiKSU _bara _cSA-RiAUC _erda |
||
| 043 |
_aa-su--- _aa-sy--- |
||
| 082 | 0 | 4 | _a382.095310565 |
| 090 |
_a382.095310565 _bس ع و |
||
| 110 | 1 |
_aالسعودية _eمؤلف. |
|
| 240 | 1 | 0 |
_aمعاهدات، إلخ. _gسوريا |
| 245 | 1 | 0 | _aاتفاق تجاري بين حكومة المملكة العربية السعودية وحكومة الجمهورية السورية. |
| 250 | _aالطبعة الثانية. | ||
| 264 | 1 |
_aمكة المكرمة : _bمطبعة الحكومة، _c[1962] |
|
| 300 |
_a15 صفحة ؛ _c24 سم |
||
| 336 |
_aنص _btxt _2rdacontent _3كتاب |
||
| 337 |
_aبدون وسيط _bn _2rdamedia |
||
| 338 |
_aمجلد _bnc _2rdacarrier |
||
| 651 | 7 |
_aالسعودية _xعلاقات اقتصادية خارجية _zسوريا _2aucsh |
|
| 651 | 7 |
_aسوريا _xعلاقات اقتصادية خارجية _zالسعودية _2aucsh |
|
| 710 | 1 |
_aسوريا _tمعاهدات، إلخ. _gالسعودية |
|
| 942 |
_2ddc _cBOOK _n0 |
||
| 949 |
_aSA-JeALM _d251201 _umohamedma123 _n1 |
||
| 999 |
_c13647 _d13647 |
||